[Event "HUN-chT1 9596"]
[Site "HUN"]
[Date "1996.??.??"]
[Round "10"]
[White "Kerek, Csaba"]
[Black "Csiszar, Zoltan"]
[Result "1/2-1/2"]
[WhiteElo "2085"]
[BlackElo "2220"]

1.d4 Nf6 2.c4 e6 3.Nf3 b6 4.a3 Ba6 5.Qc2 Bb7 6.Nc3 c5 7.d5 exd5 8.cxd5 Nxd5
9.Qe4+ Qe7 10.Ne5 Qe6 11.g4 f6 12.Bg2 Qxe5 13.Qxe5+ fxe5 14.Nxd5 Bxd5 15.Bxd5 Nc6
16.Bxc6 dxc6 17.Bd2 O-O-O 18.Rc1 Kb7 19.Rc4 Rd4 20.b3 b5 21.Rc3 Rxg4 22.Rf3 Bd6
23.Rf7+ Kb6 24.Rd7 Bc7 25.Be3 Rd8 26.Bxc5+ Kxc5 27.Rxc7 a5 28.f3 Rg6 29.Kf2 Rd2
30.Rc1+ Kb6 31.Re7 Ra2 32.Rxe5 Rxa3 33.f4 Rxb3 34.f5 Rd6 35.Re6 Kc7 36.Re7+ Rd7
37.Re6 Rd6 38.Re7+ Rd7 39.Re6  1/2-1/2

[Event "HUN-chT1 9596"]
[Site "HUN"]
[Date "1996.??.??"]
[Round "13"]
[White "Szabolcsi, Janos"]
[Black "Petran, Pal"]
[Result "1-0"]
[WhiteElo "2470"]
[BlackElo "2470"]

1.d4 Nf6 2.c4 e6 3.Nf3 b6 4.a3 Ba6 5.Qc2 Bb7 6.Nc3 c5 7.dxc5 bxc5 8.Bg5 d6
9.O-O-O Nbd7 10.e4 Qb6 11.Be2 Be7 12.Rd2 O-O 13.Rhd1 Rfd8 14.Bf4 Ne8 15.g4 Nf8
16.h4 e5 17.Be3 Ne6 18.Nd5 Bxd5 19.exd5 Nd4 20.Bxd4 cxd4 21.Bd3 Nf6 22.g5 Nh5
23.Bxh7+ Kh8 24.Bf5 a5 25.Qe4 Qc7 26.Rc2 Rab8 27.Bg4 d3 28.Rxd3 Nf4 29.Rd1 g6
30.c5 dxc5 31.Nxe5 Bd6 32.Nc6 Re8 33.Qf3 Rb5 34.h5 c4 35.Qc3+ Kg8 36.h6 Be5
37.Qxc4 Qb6 38.Nxe5  1-0

[Event "HUN-chT1 9697"]
[Site "Hungary"]
[Date "1996.??.??"]
[Round "2"]
[White "Pal, Peter"]
[Black "Orgovan, Sandor"]
[Result "1/2-1/2"]
[WhiteElo "2285"]
[BlackElo "2330"]

1.d4 Nf6 2.c4 e6 3.Nf3 b6 4.a3 c5 5.Bg5 cxd4 6.Nxd4 Bb7 7.Nc3 a6 8.e3 Be7
9.f3 d6 10.Be2 Nbd7 11.O-O Rc8 12.Rc1 h6 13.Bh4 O-O 14.Qd2 Qc7 15.Bg3 Rfd8
16.Rfd1 Qb8 17.b3 Qa8 18.e4 d5 19.cxd5 Bxa3 20.dxe6 fxe6 21.Rc2 Bc5  1/2-1/2

[Event "Imperia op"]
[Site "Imperia"]
[Date "1996.??.??"]
[Round "6"]
[White "Karl, Hans"]
[Black "Jurek, Josef"]
[Result "1/2-1/2"]
[WhiteElo "2255"]
[BlackElo "2380"]

1.d4 Nf6 2.c4 e6 3.Nf3 b6 4.a3 Bb7 5.Nc3 d5 6.cxd5 exd5 7.Bg5 Be7 8.e3 O-O
9.Bd3 Nbd7 10.Rc1 c5 11.O-O Ne4 12.Bxe7 Qxe7 13.Bb1 Rfd8 14.Qe2 Rac8 15.dxc5 Nxc3
16.Rxc3 bxc5 17.Qb5 Nf8 18.Rfc1 d4 19.exd4 Bxf3 20.Rxf3 cxd4 21.Qf1 Qg5 22.Rd1 Qd5  1/2-1/2

[Event "Ischia"]
[Site "Ischia"]
[Date "1996.??.??"]
[Round "1"]
[White "Sadler, Matthew"]
[Black "Romanishin, Oleg M"]
[Result "1/2-1/2"]
[WhiteElo "2600"]
[BlackElo "2590"]

1.d4 Nf6 2.c4 e6 3.Nf3 b6 4.a3 Bb7 5.Nc3 g6 6.Bf4 Bg7 7.e3 O-O 8.Be2 d6 9.O-O Ne4
10.Nxe4 Bxe4 11.Rc1 Nd7 12.b4 Qe7 13.Bg5 Bf6 14.Bxf6 Nxf6 15.Nd2 Bb7 16.c5 dxc5
17.bxc5 e5 18.Bf3 Bxf3 19.Qxf3 bxc5 20.Rxc5 exd4 21.exd4 Rad8 22.Rfc1 Rxd4
23.Rxc7 Rd7 24.Rxd7 Nxd7  1/2-1/2

[Event "Ischia"]
[Site "Ischia"]
[Date "1996.??.??"]
[Round "8"]
[White "Khenkin, Igor"]
[Black "Romanishin, Oleg M"]
[Result "1/2-1/2"]
[WhiteElo "2575"]
[BlackElo "2590"]

1.d4 Nf6 2.c4 e6 3.Nf3 b6 4.a3 Bb7 5.Nc3 g6 6.d5 exd5 7.cxd5 Bg7 8.g3 O-O
9.Bg2 c6 10.d6 Na6 11.O-O Nc5  1/2-1/2

[Event "ISR-chT"]
[Site "Israel"]
[Date "1996.??.??"]
[Round "3"]
[White "Tyomkin, Dimitri"]
[Black "Krays, Alexander"]
[Result "1-0"]
[WhiteElo "2340"]
[BlackElo "2440"]

1.d4 Nf6 2.c4 e6 3.Nf3 b6 4.a3 c5 5.d5 Ba6 6.Qc2 exd5 7.cxd5 d6 8.Nc3 g6
9.Bf4 Bg7 10.Qa4+ b5 11.Nxb5 O-O 12.Nc3 Qb6 13.Qc2 Nbd7 14.e3 Nh5 15.Bg5 h6
16.Bh4 g5 17.Bg3 Bxf1 18.Kxf1 Rab8 19.Rb1 f5 20.Kg1 a5 21.a4 Rbe8 22.Nb5 f4
23.exf4 Nxf4 24.Bxf4 Rxf4 25.Re1 Rxe1+ 26.Nxe1 c4 27.g3 Rf8 28.h4 g4 29.Ng2 Ne5
30.Nf4 Nd3 31.Kg2 Qc5 32.Rd1 Rxf4 33.gxf4 Qxd5+ 34.Kg1 Kh8 35.Qe2 Qc6 36.Qxg4 d5
37.Qf5 Qc5 38.Rd2 Qe7 39.Qc8+ Kh7 40.Qf5+ Kh8 41.Rxd3 cxd3 42.Qxd3 Qxh4 43.Qxd5 Qxf4
44.Qd8+ Kh7 45.Qd3+ Kh8 46.b3 Be5 47.Qg6 Qh2+ 48.Kf1 h5 49.Na3 Bg7 50.Nc4 Qh3+
51.Ke2 Qxb3 52.Qxh5+ Kg8 53.Qe8+ Bf8 54.Qe6+ Kh8 55.Qf6+ Kg8 56.Ne5 Qc2+
57.Kf3 Qd1+ 58.Kg2 Qd5+ 59.Nf3 Bg7 60.Qg6 Kf8 61.Kg3 Be5+ 62.Kg4 Qc4+ 63.Kh5 Bc3
64.Ng5 Qe2+ 65.f3 Qh2+ 66.Kg4  1-0

[Event "ISR-chT"]
[Site "Israel"]
[Date "1996.??.??"]
[Round "7"]
[White "Gofshtein, Leonid D"]
[Black "Alterman, Boris"]
[Result "0-1"]
[WhiteElo "2540"]
[BlackElo "2585"]

1.d4 Nf6 2.c4 e6 3.Nf3 b6 4.a3 Bb7 5.Nc3 d5 6.Bg5 Be7 7.Qa4+ Qd7 8.Qxd7+ Nbxd7
9.Nb5 Kd8 10.cxd5 Nxd5 11.e4 N5f6 12.Bf4 Ne8 13.d5 exd5 14.O-O-O Nd6 15.exd5 a6
16.Nc3 Bf6 17.Nd4 Re8 18.Be2 Nc5 19.Kc2 Nce4 20.Nxe4 Rxe4 21.Be3 Bxd4 22.Rxd4 Re5
23.Bf3 Nf5 24.Rd3 Nxe3+ 25.fxe3 Kd7 26.h4 Rae8 27.e4 Kd6 28.g4 f6 29.Kd2 h6
30.Ke3 h5 31.Rg1 hxg4 32.Rxg4 R8e7 33.Kf4 Bc8 34.Rg1 g5+ 35.hxg5 fxg5+ 36.Kg3 Rh7
37.Rc1 Bd7 38.Bg2 Ree7 39.Rf3 Rh4 40.Rf6+ Ke5 41.Rf8 Rg4+ 42.Kh2 Rh4+ 43.Kg1 Bh3
44.Bh1 Rg4+ 45.Kf2 Rf4+ 46.Rxf4 Kxf4 47.Rc6 Rf7 48.b4 g4 49.Rg6 b5 50.Rxa6 g3+
51.Kg1 g2 52.Bxg2 Rg7 53.Rf6+ Ke5 54.Rf5+ Bxf5 55.exf5 Kxf5 56.Kf2 Rxg2+
57.Kxg2 Ke4  0-1

[Event "ISR-chT"]
[Site "Israel"]
[Date "1996.??.??"]
[Round "9"]
[White "Gofshtein, Leonid D"]
[Black "Gruenfeld, Yehuda"]
[Result "1/2-1/2"]
[WhiteElo "2540"]
[BlackElo "2520"]

1.d4 Nf6 2.c4 e6 3.Nf3 b6 4.a3 Bb7 5.Nc3 d5 6.Qc2 a6 7.cxd5 exd5 8.Bg5 Nbd7
9.e3 Be7 10.Be2 O-O 11.O-O Nh5 12.Bxe7 Qxe7 13.b4 Nhf6 14.Rac1 a5 15.Qb3 axb4
16.axb4 c6 17.Nd2 b5 18.Bf3 Nb6 19.e4 Nc4 20.Nxc4 bxc4 21.Qb1 dxe4 22.Nxe4 Ba6
23.Rfe1 Qd8 24.Nxf6+ Qxf6 25.d5 cxd5 26.Bxd5 Rac8 27.b5 Rb8 28.Bxc4 Bxb5
29.Bxb5 Qg5  1/2-1/2

[Event "ISR-chT"]
[Site "Israel"]
[Date "1996.??.??"]
[Round "10"]
[White "Bykhovsky, Avigdor"]
[Black "Krays, Alexander"]
[Result "1/2-1/2"]
[WhiteElo "2405"]
[BlackElo "2440"]

1.d4 Nf6 2.c4 e6 3.Nf3 b6 4.a3 c5 5.Nc3 Ba6 6.e4 cxd4 7.Nxd4 Nc6 8.Ndb5 Qb8
9.Bg5 Bb7 10.Qd2 a6 11.Rd1 axb5 12.Bxf6 Qc8 13.cxb5 gxf6 14.bxc6 Bxc6 15.Bb5 Rg8
16.O-O f5 17.Rfe1 fxe4 18.Nxe4 Be7 19.Rc1 Qb7 20.Bxc6 dxc6 21.g3 Kf8 22.Qh6+ Rg7
23.Nf6 Bxf6 24.Qxf6 Kg8 25.Red1 Rg6 26.Rd8+ Rxd8 27.Qxd8+ Kg7 28.Rd1 c5 29.Qd3 Rf6
30.f4 Rf5 31.Qc3+ f6 32.Rd6 Qe4 33.Qd3 Qxd3 34.Rxd3 c4 35.Rc3 Rb5 36.Rxc4 Rxb2
37.g4 h5 38.gxh5 Kh6 39.Re4 Kxh5 40.Rxe6 f5 41.h3 Kh4  1/2-1/2

[Event "ISR-chT"]
[Site "Israel"]
[Date "1996.??.??"]
[Round "11"]
[White "Gofshtein, Leonid D"]
[Black "Greenfeld, Alon"]
[Result "1/2-1/2"]
[WhiteElo "2540"]
[BlackElo "2560"]

1.d4 Nf6 2.c4 e6 3.Nf3 b6 4.a3 Ba6 5.Qc2 Bb7 6.Nc3 c5 7.dxc5 Bxc5 8.Bg5 Be7
9.e3 O-O 10.Rd1 h6 11.Bf4 Nh5 12.Bg3 Nc6 13.Be2 Nxg3 14.hxg3 a6 15.g4 Rc8
16.Ne4 Na5 17.g5 Bxe4 18.Qxe4 Bxg5 19.g4 d5 20.cxd5 exd5 21.Rxd5  1/2-1/2

[Event "Italy op"]
[Site "Italy"]
[Date "1996.??.??"]
[Round "7"]
[White "Laketic, Gojko"]
[Black "Contin, Daniel"]
[Result "1/2-1/2"]
[WhiteElo "2465"]
[BlackElo "2325"]

1.d4 Nf6 2.c4 e6 3.Nf3 b6 4.a3 Bb7 5.Nc3 d5 6.Bg5 Be7 7.Bxf6 Bxf6 8.cxd5 exd5
9.e3 Nd7 10.b4 O-O 11.Qb3 Nb8 12.Be2 a6 13.O-O c6 14.Rab1 Re8 15.a4 b5 16.Ne1 Nd7
17.a5 Be7 18.Nd3 Bd6 19.Rfe1 h5 20.Bf3 Nf6 21.e4 dxe4 22.Nxe4 Nxe4 23.Bxe4 Rxe4
24.Rxe4 c5 25.Ne5  1/2-1/2

[Event "Jakarta Gunadarma"]
[Site "Jakarta"]
[Date "1996.??.??"]
[Round "3"]
[White "Adianto, Utut"]
[Black "Torre, Eugenio"]
[Result "1/2-1/2"]
[WhiteElo "2605"]
[BlackElo "2535"]

1.d4 Nf6 2.c4 e6 3.Nf3 b6 4.a3 Bb7 5.Nc3 g6 6.d5 Bg7 7.e4 O-O 8.Be2 d6 9.O-O Re8
10.Be3 Nbd7 11.Nd4 Nc5 12.Qc2 exd5 13.exd5 Nfe4 14.Nxe4 Nxe4 15.Rad1 a5 16.b3 Bc8
17.Rfe1 Bd7 18.Bf1 Nc5 19.Nc6 Qh4 20.g3 Qh5 21.Be2 Qh3 22.Bf1 Qh5  1/2-1/2

[Event "Jakarta Gunadarma"]
[Site "Jakarta"]
[Date "1996.??.??"]
[Round "4"]
[White "Krasenkow, Michal"]
[Black "Torre, Eugenio"]
[Result "1/2-1/2"]
[WhiteElo "2605"]
[BlackElo "2535"]

1.d4 Nf6 2.c4 e6 3.Nf3 b6 4.a3 Bb7 5.Nc3 Ne4 6.Nxe4 Bxe4 7.e3 Be7 8.Bd3 Bxd3
9.Qxd3 d5 10.e4 dxe4 11.Qxe4 Nd7 12.Qc6 O-O 13.Bf4 Rc8 14.Rd1 Bd6 15.Ne5 Bxe5
16.dxe5 Qh4 17.g3 Nb8 18.Qg2 Qh5 19.O-O Qe2 20.b3 Qb2 21.Qf3 Qxa3 22.Ra1 Qb2
23.Rxa7 Nd7 24.Qc6  1/2-1/2

[Event "Jakarta Gunadarma"]
[Site "Jakarta"]
[Date "1996.??.??"]
[Round "4"]
[White "Gunawan, Ruben"]
[Black "Sokolov, Ivan"]
[Result "0-1"]
[WhiteElo "2425"]
[BlackElo "2670"]

1.Nf3 Nf6 2.c4 e6 3.d4 b6 4.a3 Bb7 5.Nc3 d5 6.Qc2 Be7 7.cxd5 exd5 8.g3 O-O
9.Bg2 Nbd7 10.O-O Re8 11.Bf4 a6 12.Rfd1 Nf8 13.Rac1 Ng6 14.Bg5 h6 15.Bxf6 Bxf6
16.Ne5 Ne7 17.b4 c5 18.bxc5 bxc5 19.e3 cxd4 20.exd4 Rc8 21.Qb3 Ba8 22.Bh3 Rc7
23.Qa4 Nc6 24.f4 Nxe5 25.dxe5 Be7 26.Bg2 Bc5+ 27.Kh1 Be3 28.Rc2 Qc8 29.Bxd5 Rd8
30.Qb3 Rxc3 31.Rxc3 Qxc3 32.Qxc3 Rxd5  0-1

[Event "Jyvaskyla op2"]
[Site "Jyvaskyla"]
[Date "1996.??.??"]
[Round "9"]
[White "Yrjola, Jouni"]
[Black "Veingold, Aleksandr"]
[Result "1-0"]
[WhiteElo "2460"]
[BlackElo "2425"]

1.d4 Nf6 2.c4 e6 3.Nf3 b6 4.a3 Bb7 5.Nc3 d5 6.Bg5 Be7 7.Qa4+ c6 8.Bxf6 Bxf6
9.cxd5 exd5 10.g3 O-O 11.Bg2 c5 12.O-O Bc6 13.Qd1 Nd7 14.Qd2 c4 15.Ne1 Nb8
16.Nc2 Bb7 17.Rad1 Bg5 18.f4 Bf6 19.Ne3 Nc6 20.Bxd5 Bxd4 21.Bxc6 Bc5 22.Qxd8 Bxe3+
23.Rf2 Rfxd8 24.Bxb7 Rxd1+ 25.Nxd1 Bxf2+ 26.Kxf2 Rd8 27.Ke1 b5 28.Bc6 a6
29.e4 Kf8 30.Nc3 Rd6 31.Bd5 Rb6 32.Kd2 Ke7 33.e5 Rh6 34.h4 f6 35.e6 Rg6 36.Ne2 f5
37.Ke3 Kd6 38.Kd4 h5 39.a4 Rg4 40.a5 Rg6 41.b3 cxb3 42.Bxb3 Rf6 43.Kd3 Rf8
44.Nd4 g6 45.Nf3 Rd8 46.Ne5 Ke7+ 47.Ke3 Rc8 48.Kd4 Kf6 49.Bd5 Rc1 50.Nc6 Rg1
51.e7 Re1 52.Kc5  1-0

[Event "JUG-ch sf"]
[Site "Kladovo"]
[Date "1996.??.??"]
[Round "?"]
[White "Stojanovic, Mihajlo"]
[Black "Mijailovic, Zoran"]
[Result "1-0"]
[WhiteElo "2435"]
[BlackElo "2360"]

1.d4 Nf6 2.c4 e6 3.Nf3 b6 4.a3 Ba6 5.Qc2 Bb7 6.Nc3 c5 7.e4 cxd4 8.Nxd4 Bc5
9.Nb3 Nc6 10.Bg5 Be7 11.Be2 Rc8 12.f4 d6 13.O-O-O Qc7 14.Kb1 a6 15.g4 h6
16.Bh4 g5 17.fxg5 Nd7 18.Qd2 Nde5 19.Rhf1 Qd8 20.Bg3 hxg5 21.Qe3 Rb8 22.Nd5 exd5
23.exd5 Qd7 24.dxc6 Bxc6 25.Nd4 Bb7 26.Nf5 f6 27.Nxd6+ Bxd6 28.Rxf6  1-0

[Event "Koszalin op"]
[Site "Koszalin"]
[Date "1996.??.??"]
[Round "1"]
[White "Henc, Renata"]
[Black "Kasperek, Ryszard"]
[Result "1-0"]
[WhiteElo "2115"]
[BlackElo "2360"]

1.d4 Nf6 2.Nf3 e6 3.c4 b6 4.a3 Ba6 5.Qc2 Bb7 6.Nc3 c5 7.e4 cxd4 8.Nxd4 Bc5
9.Nf3 Nc6 10.Bg5 h6 11.Bh4 Nd4 12.Nxd4 Bxd4 13.Bd3 Qb8 14.O-O Be5 15.Bg3 Ng4
16.Qe2 Bxg3 17.hxg3 h5 18.Rae1 Qe5 19.Qd1 Rc8 20.Be2 a6 21.Na4 Bc6 22.Nxb6 Rb8
23.Nd5 Rxb2 24.Nb4 Bxe4 25.Bf3 f5 26.Bxe4 fxe4 27.Nd3 exd3 28.Rxe5 Nxe5 29.f4 Ng4
30.Qxd3 Nf6 31.Qg6+ Kf8 32.f5 e5 33.Re1 d6 34.c5 dxc5 35.Qg5 Kf7 36.Qc1 Rhb8
37.Qxc5 Re8 38.Qc4+ Kf8 39.Qxa6  1-0

[Event "Las Palmas op"]
[Site "Las Palmas"]
[Date "1996.??.??"]
[Round "5"]
[White "Barlov, Dragan"]
[Black "Gonzalez, Manuel"]
[Result "1-0"]
[WhiteElo "2455"]
[BlackElo "2275"]

1.d4 Nf6 2.c4 e6 3.Nf3 b6 4.a3 Bb7 5.Nc3 d5 6.Qc2 Nbd7 7.cxd5 exd5 8.Bf4 c6
9.g3 Be7 10.Bg2 O-O 11.O-O Re8 12.Rfd1 Bf8 13.Rac1 a6 14.Ne5 g6 15.e4 Bg7
16.Qb3 Nf8 17.exd5 cxd5 18.Bg5 Ne6 19.Bxf6 Bxf6 20.f4 Rc8 21.Rc2 Qd6 22.Re2 Red8
23.Bh3 Rc7 24.Nxf7 Nxd4 25.Nxd6 Nxb3 26.Nxb7 Rxb7 27.Rxd5 Kf8 28.Rxd8+ Bxd8
29.Nd5 Nd4 30.Re4 Nb5 31.Rc4 Nc7 32.Bc8 Ra7 33.Nxb6 Nb5 34.Nd5 Nd6 35.Rc6 Nxc8
36.Rxc8 Rd7 37.Nb6 Rd4 38.Nc4 Ke7 39.Rc6 Kd7 40.Ne5+ Ke7 41.Rxa6 Rd1+ 42.Kg2 Bc7
43.Nc4  1-0

[Event "Las Palmas op"]
[Site "Las Palmas"]
[Date "1996.??.??"]
[Round "7"]
[White "San Segundo, Pablo"]
[Black "Rodriguez Lopez, Rafael"]
[Result "1/2-1/2"]
[WhiteElo "2505"]
[BlackElo "2410"]

1.d4 Nf6 2.c4 e6 3.Nf3 b6 4.a3 Ba6 5.Qc2 Bb7 6.Nc3 c5 7.e4 cxd4 8.Nxd4 d6
9.Be2 Be7 10.Be3 O-O 11.f4 a6 12.g4 Nc6 13.Nxc6 Bxc6 14.g5 Nd7 15.Rg1 Re8
16.O-O-O Bf8 17.Kb1 Qb8 18.Rg3 b5 19.Qb3  1/2-1/2

[Event "Le Touquet op"]
[Site "Le Touquet"]
[Date "1996.??.??"]
[Round "?"]
[White "Levin, Felix"]
[Black "Miellet Bensan, Yves"]
[Result "1-0"]
[WhiteElo "2480"]
[BlackElo "2120"]

1.d4 Nf6 2.c4 e6 3.Nf3 b6 4.a3 Bb7 5.Nc3 Be7 6.d5 d6 7.g3 e5 8.Bg2 O-O 9.O-O a5
10.Rb1 Ne8 11.e4 Bc8 12.Nd2 f5 13.exf5 Bxf5 14.Be4 Qd7 15.Bxf5 Qxf5 16.Nde4 Nd7
17.b4 axb4 18.axb4 h6 19.Qd3 Kh8 20.f3 Qh5 21.Kg2 Ndf6 22.Nf2 Nh7 23.h4 Qf7
24.Bd2 Nef6 25.Nb5 Nh5 26.Ra1 Rxa1 27.Rxa1 Bf6 28.Ra7 Nxg3 29.Kxg3 Qh5 30.Kg2 Bxh4
31.Ng4 Bg5  1-0

[Event "Le Touquet op"]
[Site "Le Touquet"]
[Date "1996.??.??"]
[Round "?"]
[White "Levin, Felix"]
[Black "Roeder, Mathias"]
[Result "1-0"]
[WhiteElo "2480"]
[BlackElo "2445"]

1.d4 Nf6 2.c4 e6 3.Nf3 b6 4.a3 Bb7 5.Nc3 d5 6.Bg5 Be7 7.Qa4+ Qd7 8.Qxd7+ Nbxd7
9.Nb5 Kd8 10.cxd5 Nxd5 11.e4 N5f6 12.Bf4 Nxe4 13.Bxc7+ Ke8 14.Bf4 g5 15.Be3 g4
16.Ne5 Nxe5 17.dxe5 Kf8 18.Bh6+ Kg8 19.f3 Bg5 20.Bxg5 Nxg5 21.Nd6 Bd5 22.fxg4 h5
23.h4 hxg4 24.Kf2 Rd8 25.Be2 Ne4+ 26.Nxe4 Bxe4 27.Bxg4 Rd3 28.Rad1 Rb3 29.Rd2 Rb5
30.Re1 Rd5 31.Rdd1 Rxd1 32.Bxd1 Bd5 33.g3 Kg7 34.Re3 f6 35.exf6+ Kxf6 36.Bb3 Kf5
37.Bxd5 exd5 38.Re7 a5 39.Kf3 Kf6 40.Rb7 Ke5 41.Rxb6 Rf8+ 42.Ke2 Rg8 43.Rb3 d4
44.h5 a4 45.Rb5+ Ke4 46.h6 Rxg3 47.Rb6 d3+ 48.Kf2 d2 49.Ke2  1-0

[Event "Leiner op"]
[Site "Leiner"]
[Date "1996.??.??"]
[Round "6"]
[White "Ebner, Hubert"]
[Black "Horvath, J."]
[Result "0-1"]
[WhiteElo "2240"]
[BlackElo "2505"]

1.d4 Nf6 2.c4 e6 3.Nf3 b6 4.a3 Bb7 5.Nc3 d5 6.cxd5 exd5 7.Bg5 Be7 8.e3 O-O
9.Be2 Nbd7 10.O-O c5 11.Rc1 Rc8 12.Ne5 Nxe5 13.dxe5 Ne4 14.Bxe7 Qxe7 15.Nxd5 Qxe5
16.Nc3 Rcd8 17.Qa4 Rd2 18.Qxa7 Nxc3 19.bxc3 Bd5 20.c4 Be4 21.Bg4 Ra8 22.Qxb6 Rb2  0-1

[Event "Leon University tt (Women)"]
[Site "Leon"]
[Date "1996.??.??"]
[Round "8"]
[White "Khurtsidze, Nino"]
[Black "Batceceg, Tuvshintogs"]
[Result "1-0"]
[WhiteElo "2395"]
[BlackElo "2040"]

1.d4 Nf6 2.Nf3 e6 3.c4 b6 4.a3 Bb7 5.Nc3 d5 6.Qc2 Be7 7.cxd5 exd5 8.Bf4 c6
9.e3 Nbd7 10.Bd3 Rc8 11.O-O O-O 12.Ne5 g6 13.Rac1 Nxe5 14.Bxe5 Nd7 15.Bf4 Re8
16.b4 Bg5 17.Bg3 Qe7 18.Qe2 Bf6 19.Ba6 Nf8 20.Bxb7 Qxb7 21.Qf3 Bg7 22.b5 Rcd8
23.Nxd5 cxd5 24.Rc7 Qxc7 25.Bxc7 Rd7 26.Bf4 Rc8 27.h4 Ne6 28.h5 Nxf4 29.Qxf4 Bf8
30.a4 Rc4 31.Qf3 Kg7 32.g3 h6 33.hxg6 fxg6 34.Kg2 Be7 35.Qg4 Rd6 36.Ra1 Bd8
37.Qf4 Rd7 38.Qe5+ Bf6 39.Qe6 Rd8 40.a5 bxa5 41.Rxa5 Rc7 42.Ra6 Rf7 43.Rd6  1-0

[Event "Liechtenstein op"]
[Site "Liechtenstein"]
[Date "1996.??.??"]
[Round "3"]
[White "Rosemann, Uwe"]
[Black "Rozentalis, Eduardas"]
[Result "0-1"]
[WhiteElo "2180"]
[BlackElo "2605"]

1.d4 e6 2.c4 Nf6 3.Nf3 b6 4.a3 Bb7 5.Nc3 d5 6.cxd5 exd5 7.Qa4+ c6 8.Bf4 Nbd7
9.Qc2 Be7 10.e3 O-O 11.Bd3 c5 12.O-O a6 13.Rfe1 c4 14.Bf1 b5 15.Ne5 Ne4 16.Nxd7 Qxd7
17.f3 Nxc3 18.bxc3 a5 19.e4 Rfe8 20.exd5 Bxd5 21.Re5 f6 22.Re2 Bf8 23.Rxe8 Rxe8
24.Bg3 Qc6 25.Bf2 Bd6 26.Qf5 Re6 27.h4 g6 28.Qh3 Kg7 29.h5 Bf4 30.Qg4 Bd2
31.f4 Re4 32.g3 Bxc3 33.Rd1 Qe6 34.Qh4 Be1 35.h6+ Kf7 36.Rxe1 Rxe1 37.f5 Rxf1+
38.Kxf1  0-1

[Event "Liechtenstein op"]
[Site "Liechtenstein"]
[Date "1996.??.??"]
[Round "3"]
[White "Lacrosse, Marc"]
[Black "Atlas, Valeri"]
[Result "1/2-1/2"]
[WhiteElo "2200"]
[BlackElo "2440"]

1.d4 e6 2.c4 Nf6 3.Nf3 b6 4.a3 Bb7 5.Nc3 g6 6.Qc2 Bxf3 7.gxf3 Nc6 8.e3 Bg7
9.f4 Ne7 10.Bg2 d5 11.cxd5 exd5 12.O-O O-O 13.Bd2 c6 14.Rac1 Ne8 15.Ne2 Nd6
16.Bb4 a5 17.Bxd6 Qxd6 18.Qb3 Rab8 19.Rfd1 Rfd8 20.Rc2 h5 21.Nc1 c5 22.Ne2 Qd7
23.a4 c4 24.Qb5 Qf5 25.Rdc1 Rd6 26.b3 cxb3  1/2-1/2

[Event "Anibal op 3rd"]
[Site "Linares"]
[Date "1996.??.??"]
[Round "?"]
[White "Gallego, Victoriano"]
[Black "Anastasian, Ashot"]
[Result "0-1"]
[WhiteElo "2370"]
[BlackElo "2520"]

1.d4 Nf6 2.c4 e6 3.Nf3 b6 4.a3 Bb7 5.Nc3 d5 6.cxd5 Nxd5 7.e3 Be7 8.Bb5+ c6
9.Bd3 Nxc3 10.bxc3 O-O 11.O-O c5 12.Qe2 Nc6 13.Bb2 Qc7 14.c4 Na5 15.Ne5 Rad8
16.Rad1 f5 17.f4 Bf6 18.d5 exd5 19.Bxf5 Nxc4 20.Be6+ Kh8 21.Ng6+ hxg6 22.Rf3 Rf7
23.Rh3+ Kg8 24.Bxf6 Re8 25.Bxf7+ Qxf7 26.Ba1 d4 27.Bxd4 cxd4 28.Rxd4 b5 29.Qd3 Qe6
30.Rg3 Be4 31.Qc3 Nd6 32.Rg5 Nf5 33.Rd1  0-1

[Event "Anibal op 3rd"]
[Site "Linares"]
[Date "1996.??.??"]
[Round "?"]
[White "Cebalo, Miso"]
[Black "Romanishin, Oleg M"]
[Result "1/2-1/2"]
[WhiteElo "2495"]
[BlackElo "2590"]

1.d4 Nf6 2.Nf3 e6 3.c4 b6 4.a3 Bb7 5.Nc3 g6 6.Qd3 Bg7 7.e4 d5 8.cxd5 exd5
9.e5 Ne4 10.h4 h6 11.Be3 Nd7 12.Nd2 Nxc3 13.bxc3 Nf8 14.h5 g5 15.Be2 Qd7
16.a4 a5 17.Nf1 Ba6 18.Qc2 Bxe2 19.Qxe2 Ne6 20.Ng3 O-O 21.Nf5 f6 22.exf6 Rxf6
23.g4 Bf8 24.Qb5 Qxb5 25.axb5 Ng7 26.Nxg7 Kxg7 27.Ke2 a4 28.Kd3 a3 29.Ra2 Bd6
30.Rb1 Ra4 31.Re1 Rf3 32.Rc1 Kf7 33.Ke2 Rf6 34.Kd3 Rf3 35.Ke2 Rf6 36.Kd3  1/2-1/2

[Event "Anibal op 3rd"]
[Site "Linares"]
[Date "1996.??.??"]
[Round "?"]
[White "Lobron, Eric"]
[Black "Aseev, Konstantin N"]
[Result "1-0"]
[WhiteElo "2590"]
[BlackElo "2530"]

1.Nf3 Nf6 2.c4 e6 3.d4 b6 4.a3 Bb7 5.Nc3 d5 6.cxd5 Nxd5 7.e3 Nf6 8.Bb5+ c6
9.Bc4 c5 10.O-O cxd4 11.Nxd4 Bc5 12.Qa4+ Nbd7 13.Rd1 a6 14.Bxe6 fxe6 15.Nxe6 Qe7
16.Nc7+ Kf7 17.Qc4+ Kg6 18.Nxa8 Ne5 19.Qe2 Rxa8 20.Na4 Rb8 21.f3 Bd6 22.Qc2+ Kf7
23.Qb3+ Kf8 24.Qxb6 Bc6 25.Qd4 Rd8 26.Nc3 Bxf3 27.Rf1 Neg4 28.gxf3 Bxh2+
29.Kg2 Rxd4 30.exd4 Qc7 31.Ne2 Qb7 32.Kh3 Qb5 33.Re1 Qh5+ 34.Kg2 Bd6 35.Rh1 Qb5
36.Nc3 Qb7 37.b4 Nh2 38.d5 Qf7 39.Be3 Qg6+ 40.Kf2 Qc2+ 41.Ne2 Nxd5 42.Rhe1 Qf5
43.Nd4 Qf6  1-0

[Event "Anibal op 3rd"]
[Site "Linares"]
[Date "1996.??.??"]
[Round "?"]
[White "Lputian, Smbat G"]
[Black "Pizarro Segura, Eduardo"]
[Result "1-0"]
[WhiteElo "2580"]
[BlackElo "2230"]

1.d4 Nf6 2.c4 e6 3.Nf3 b6 4.a3 Bb7 5.Nc3 d5 6.Qc2 Be7 7.cxd5 exd5 8.Bf4 c6
9.e3 O-O 10.Bd3 Re8 11.g4 c5 12.g5 Ne4 13.Nxe4 dxe4 14.Bxe4 Bxe4 15.Qxe4 Nd7
16.Qd5 cxd4 17.Nxd4 Nc5 18.Qxd8 Raxd8 19.Rd1 Ne4 20.h4 Bc5 21.O-O Rd5 22.Nc6 Nd2
23.Kg2 Re4 24.Rfe1 Bxe3 25.Re2  1-0

[Event "Anibal op 3rd"]
[Site "Linares"]
[Date "1996.??.??"]
[Round "?"]
[White "Lputian, Smbat G"]
[Black "Rashkovsky, Nukhim N"]
[Result "0-1"]
[WhiteElo "2580"]
[BlackElo "2505"]

1.d4 Nf6 2.c4 e6 3.Nf3 b6 4.a3 Bb7 5.Nc3 g6 6.Qc2 Bxf3 7.gxf3 Bg7 8.e3 O-O
9.f4 c5 10.d5 exd5 11.Bg2 Nc6 12.cxd5 Na5 13.O-O c4 14.Bd2 Nb3 15.Rad1 d6
16.Na2 Nxd2 17.Rxd2 b5 18.b3 Nd7 19.bxc4 Rc8 20.Qb1 bxc4 21.Rc1 Rb8 22.Qc2 Qa5
23.Rdd1 Rb2  0-1

[Event "SWE-chB2"]
[Site "Linkoping"]
[Date "1996.??.??"]
[Round "?"]
[White "Eriksson, Anders"]
[Black "Berg, Bo"]
[Result "1-0"]
[WhiteElo "2305"]
[BlackElo "2085"]

1.d4 Nf6 2.c4 e6 3.Nf3 b6 4.a3 Bb7 5.Nc3 d5 6.cxd5 Nxd5 7.Qc2 c5 8.e4 Nc7
9.dxc5 Bxc5 10.b4 Be7 11.Nb5 Nca6 12.Bc4 O-O 13.O-O Qc8 14.Bf4 Qc6 15.Rfe1 Rc8
16.Rac1 Qe8 17.Qd3 Rd8 18.Qe2 Nc6 19.e5 Qf8 20.Nd6 Bxd6 21.Bxa6 Bxa6 22.Qxa6 Bxb4
23.Rxc6 Bxe1 24.Nxe1 Rd1 25.Kf1 Ra1 26.Rc3 Qb8 27.f3 g5 28.Bg3 b5 29.Qc6 h5
30.Qe4 a5 31.h4 b4 32.axb4 axb4 33.Rb3 f5 34.exf6 Qxg3 35.Qg6+  1-0

[Event "Linz Siemens"]
[Site "Linz"]
[Date "1996.??.??"]
[Round "3"]
[White "Knoll, Hermann"]
[Black "Gross, Dav"]
[Result "1/2-1/2"]
[WhiteElo "2245"]
[BlackElo "2300"]

1.d4 Nf6 2.c4 e6 3.Nf3 b6 4.a3 Ba6 5.Qc2 Bb7 6.Nc3 c5 7.e4 cxd4 8.Nxd4 Nc6
9.Nb3 a5 10.Bg5 h6 11.Bh4 g5 12.Bg3 Nh5 13.Rd1 Nxg3 14.hxg3 a4 15.Nc1 Bc5
16.Nb5 Ba6 17.Qc3 Ke7 18.Nd3 Rc8 19.Nxc5 bxc5 20.Nd6 Rb8 21.Qg7 Qg8 22.Qc3 Qd8
23.Rd2 Nd4 24.Nb5 Nb3 25.Rc2 Qa5 26.Bd3 Bxb5 27.Qxa5 Nxa5 28.cxb5 d6 29.e5 Nb3
30.exd6+ Kxd6 31.O-O Rb6 32.Rd1 Nd4 33.Rc4 Ra8 34.Be4 Ra5 35.Bc6 f5 36.Kf1 e5
37.f3 Kc7 38.Re1 Kd6 39.Rd1 Kc7 40.Re1 Nxc6 41.bxc6 Kd6 42.c7 Rc6 43.g4 fxg4
44.Rxg4 Rxc7 45.Rge4 c4 46.Rd1+ Rd5 47.Rc1 Rd4 48.Re2 e4 49.Rce1 exf3 50.gxf3 Kc5
51.Re6 Rc6 52.Re8 Rd2 53.R1e5+ Kd4 54.Rb5 Kd3 55.Re4 Kc2 56.Rb4 c3 57.bxc3 Rxc3
58.f4 g4 59.Rxa4 g3 60.Rac4 Rxc4 61.Rxc4+ Kd3 62.Rb4 Ke3 63.f5 Kf3 64.Rb1 Kg4
65.Kg1 Kxf5 66.Ra1 h5 67.a4 Kg4 68.a5 Kh3 69.a6 Rg2+ 70.Kh1 Rh2+ 71.Kg1 Rg2+  1/2-1/2

[Event "Ljubljana op"]
[Site "Ljubljana"]
[Date "1996.??.??"]
[Round "8"]
[White "Skok, Boris"]
[Black "Novkovic, Stojan"]
[Result "1-0"]
[WhiteElo "2155"]
[BlackElo "1990"]

1.d4 Nf6 2.c4 e6 3.Nf3 b6 4.a3 Bb7 5.Nc3 Be7 6.e3 O-O 7.Bd3 d5 8.cxd5 exd5
9.O-O c5 10.Qe2 Re8 11.Rd1 Nbd7 12.Ne5 cxd4 13.exd4 Bd6 14.f4 a6 15.Qf3 Nf8
16.Be3 Rc8 17.Rac1 Ng6 18.Bf2 Bb8 19.Re1 Rc7 20.Ne2 Ne4 21.Be3 Nh4 22.Qh3 Bc8
23.g4 Rxc1 24.Rxc1 Bxe5 25.dxe5 Bd7 26.Rd1 h5 27.Bxe4 hxg4 28.Qg3 dxe4 29.Rxd7 Nf3+
30.Qxf3 exf3 31.Rxd8 Rxd8 32.Nd4 Kh7 33.Kf2 Kg6 34.Kg3 Kh5 35.h3 gxh3 36.Kxh3 g5
37.fxg5 b5 38.Kg3 Rd5 39.Nxf3 Rd1 40.Kf4 Rb1 41.Bd4 Rf1 42.Bc3 Rf2 43.Ke3 Rg2
44.Ke4 Kg4 45.g6 fxg6 46.Nd4 Rf2 47.e6 Rf8 48.Ke5 g5 49.e7 Re8 50.Ke6 Kf4
51.Nf5 g4 52.Be5+ Kf3 53.Nd6 Rxe7+ 54.Kxe7 g3 55.Bxg3 Kxg3 56.Kd7  1-0